| 000 | 01407cad a22002655a 4500 | ||
|---|---|---|---|
| 001 | L148146 | ||
| 008 | 090804e20090731xxk f l 000 0 eng d | ||
| 020 | _a9781409816188 | ||
| 035 | _a(Sirsi) u148146 | ||
| 041 | 0 | _aeng | |
| 050 | 0 | 4 | _a333.72 $2 18 |
| 110 | 2 |
_aUnited Kingdom _bDepartment for Communities and Local Government _94939 |
|
| 245 | 0 | 0 |
_aRecast of the energy performance of buildings directive _h[electronic resource] |
| 260 |
_aLondon _bDCLG _c2009 |
||
| 505 | 2 | _aConsultation summary -- About this consultation -- Introduction -- Chapter 1: The EPBD re-cast proposals -- List of consultation questions -- Impact assessment | |
| 520 | _aSeek views on the Government's proposals on the recast of the Energy Performance of Buildings Directive. This recast, initiated by the European Commission, has the goal of clarifying and simplifying parts of the Directive. It also aims to extend the scope of the Directive and strengthen some of its provisions. | ||
| 520 | _aDeadline for comments is 2 October 2009. | ||
| 521 | _aAdvanced | ||
| 590 | _aKA | ||
| 650 | 2 | 4 | _aDIRECTIVE 2002/91/EC |
| 651 | 4 |
_aEngland and Wales _y1543- |
|
| 690 | _aENVIRONMENTAL AND LAND CONSULTANCY-ENERGY-ENERGY USE-ENERGY EFFICIENCY | ||
| 856 | 4 | 0 |
_uhttps://www.communities.gov.uk/publications/planningandbuilding/recastepbdconsultation _zView the item free of charge at www.communities.gov.uk... |
| 942 | _n0 | ||
| 999 |
_c109913 _d109913 |
||